000 01008nam a2200265 a 4500
003 CBULib
005 20240813073256.0
008 210120s2020 ||||||||||||||||| || u
020 _a9789211129922
040 _aCBULib
_bEnglish
_cCBULib
_erda
041 _aeng
050 _aUNCTAD(058)TDR/2020
110 _aUnited Nations Conference on Trade and Development (UNCTAD)
245 1 0 _aTrade and development report 2020 : from global pandemic to prosperity for all: avoiding another lost decade
_c/ by United Nations Conference on Trade and Development(UNCTAD)
260 _aGeneva :
_bUnited Nations,
_c2020
300 _axll, 139 pages : illustrations
336 _2rdacontent
_aText |
_btxt
337 _2rdamedia
_aUnmediated |
_bn
338 _2rdacarrier
_aVolume
_bnc
650 0 _aGLOBALIZATION--ECONOMIC ASPECTS
650 0 _aEQUALITY--ECONOMIC ASPECTS
650 0 _aCOVID 19(DISEASE)--ECONOMIC ASPECTS
942 _2mc
_c029
999 _c60125
_d60125